| 000 | 00850nam a2200253 i 4500 | ||
|---|---|---|---|
| 001 | 42551 | ||
| 003 | ES-MaACL | ||
| 005 | 20250925165618.0 | ||
| 007 | t| | ||
| 008 | 030407s1999 sp ||||1| spa d | ||
| 020 | _a84-7671-515-3 | ||
| 080 | _a929 Gallardo, José Bartolomé | ||
| 080 | _a821.134.2 Gallardo, Bartolomé José 1.06 | ||
| 100 | 1 |
_aPérez Vidal, Alejandro. _991202 |
|
| 245 | 1 | 0 |
_aBartolomé José Gallardo _b: sátira, pensamiento y política / _cAlejandro Pérez Vidal. |
| 260 |
_aMérida : _bEditora Regional de Extremadura, _c[1999] |
||
| 300 |
_a400 p. ; _c24 cm. |
||
| 490 | 1 |
_aColección estudio ; _v12 |
|
| 600 | 1 | 4 |
_aGallardo, Bartolomé José, _d1776-1852 _953478 |
| 830 | 0 |
_aColección estudio ; _v12 _9181942 |
|
| 852 |
_aES-MaACL _jL-26150 _bR.131797 |
||
| 852 |
_aES-MaACL _jL-24310 |
||
| 999 |
_c42551 _d42551 |
||